000 00286nam a2200121Ia 4500
005 20251222140044.0
008 251222s1900||||xx |||||||||||||| ||spa||
082 _a109/G24
100 _aGarcía Venturini, Jorge
245 0 _aFilosofía de la Historia.
264 _bGredos
942 _cLIB
999 _c3389
_d3389